000 00598nam a22002057a 4500
003 OSt
005 20160128090827.0
008 130130t xxu||||| |||| 00| 0 eng d
020 _a9712327531
050 _aP 90
_b.B298 1999
082 _aFIL 425
100 _aBascara, Linda A.
245 _aCommunication skills for college and beyond series one /
_cLinda R. Bascara, Lilia A. Manzano, Agnes A. Tolosa, Constantino M. Mazon.
260 _aManila :
_bRex Bookstore,
_c1999.
300 _a295 pages ;
_c22 cm
942 _2lcc
_cBK
_kFIL
999 _c35873
_d35873